01780 am a2200277 a 450000500170000000800410001702000150005804100080007310000180008124501140009925004090021326000360062230000170065850001490067565301130082465300570093765300240099465300200101865300670103865301220110565300780122765300380130565300740134365300580141765300270147520231219133317.0100903s1997||||ag a f |||| 001 0 spa d a987916508X aspa1 aKleist, Karl. aDiez comunicaciones. bIntroducción a las localizaciones cerebrales en Neuropsiquiatría / cKarl Kleist. a1a ed. en español / bTraducción Diego L. Outes, Luis Florian, José V. Tabasso y con la colaboración de Ursula Maier y Liliana Lowenstein. Primera traducción y compilación de las comunicaciones de Karl Kleist previas a la "Gehirnpathologie". Ampliadas con notas aclaratorias y bibliografía complementaria del Prof. Helmut Beckmann (Würzburg, Alemania). Epilogo del Dr. Juan Carlos Goldar. aBuenos Aires: bPolemos;c1997. a351 p. bil. aKleist, K. (1997). Diez comunicaciones. Introducción a las localizaciones cerebrales en Neuropsiquiatría. (1a ed.). Buenos Aires : Polemos.  aTrastornos de la motilidad, sensibilidad, ataxia y temblor, apraxia, trastornos de los rendimientos visuales aTrastornos auditivos, sordera a los ruidos y amusias aAfasias sensoriales aAfasias motoras aLóbulo frontal en el sentido más estricto y sus trastornos aTrastornos de los rendimientos del YO y su localización en el cerebro orbitario, en el interno y en el diencéfalo aTrastornos psicomotores, catatónicos y miostáticos del tallo cerebral aTrastornos del olfato y del gusto aTrastornos de la conciencia, de la vigilia (sueño) y del carácter aEstructura y el plan funcional de la corteza cerebral aPsiquitría de Kleist